Snowpiercer : Rompenieves : Término /
Gardado en:
| Autor Principal: | |
|---|---|
| Formato: | Libro |
| Idioma: | Lingua castelá |
| Publicado: |
Barcelona, España :
Norma,
2021, c2021
|
| Temas: | |
| Etiquetas: |
Sen Etiquetas, Sexa o primeiro en etiquetar este rexistro!
|
MARC
| LEADER | 00000nam^a2200000^a^4500 | ||
|---|---|---|---|
| 001 | 000431154 | ||
| 005 | 20250521000000.0 | ||
| 009 | 20260310122941.792 | ||
| 020 | |a 978-84-679-4566-9 | ||
| 037 | |a Acervo ITESO - Biblioteca | ||
| 041 | |a GRA | ||
| 041 | |a ESP | ||
| 082 | |a 808. 83929 |b ROC | ||
| 100 | |a Rochette, Jean-Marc |e (autor) | ||
| 240 | 1 | 1 | |a [Rompenieves] |
| 245 | 1 | 0 | |a Snowpiercer : |b Rompenieves : Término / |c Dibujo de J.M. Rochette ; guión de O. Bocquet a partir de una idea original de J.M. Rochette ; tr. por Diego de los Santos. |
| 264 | 4 | |a Barcelona, España : |b Norma, |c 2021, c2021 | |
| 300 | |a 232 p. | ||
| 336 | |a texto |b txt |2 rdacontenido | ||
| 337 | |a sin mediación |b n |2 rdamedio | ||
| 338 | |a volumen |b nc |2 rdasoporte | ||
| 500 | |a Traducción de: Transperceneige: Terminus | ||
| 546 | |a Edición gráfica con texto en español | ||
| 585 | |a Exposición DIA 2022-02 / Miradas a una espiral creciente: por los caminos de la novela gráfica | ||
| 649 | |a XX | ||
| 650 | |a Novela Gráfica - |z Francia | ||
| 650 | |a Novela Fantástica - |z Francia | ||
| 650 | |a Novela Francesa | ||
| 650 | |a Historietas y Caricaturas de Ciencia-Ficción | ||
| 650 | |a Historietas y Caricaturas Francesas | ||
| 650 | |a Ficción Distópica | ||
| 650 | |a Literatura de Ciencia-Ficción - |z Francia | ||
| 650 | |a Literatura Fantástica - |z Francia | ||
| 650 | |a Literatura Francesa - |y Siglo XXI | ||
| 650 | |a Literatura Francesa - |y Siglo XX - |x Adaptaciones para Cine | ||
| 650 | |a Literatura y Cine | ||
| 650 | |a Ferrocarriles en la Literatura | ||
| 650 | |a Enfriamiento Global | ||
| 650 | |a Desastres | ||
| 650 | |a Cambio Climático | ||
| 650 | |a Sociedad Primitiva | ||
| 650 | |a Sociedad Postindustrial | ||
| 650 | |a Ciencia - |x Experimentos | ||
| 650 | |a Fin del Mundo | ||
| 910 | |a Fondo General | ||
| 920 | |a Impresos - Libros | ||
| 930 | |a Reserva Especial | ||
| 940 | |a Literatura | ||
| 905 | |a 103 | ||
| 901 | |a 0500354005 |b IT1 |c REE |i C175571 |u 20250521 | ||
| 902 | |a https://opac.biblio.iteso.mx/vufind/Record/000431154 | ||